| 000 | 00381nam a22001457a 4500 | ||
|---|---|---|---|
| 020 | _a9780323793339 | ||
| 082 |
_a612 _bCOS |
||
| 100 |
_aCostanzo, Linda S. _9113312 |
||
| 245 |
_aCostanzo Physiology / _cLinda S. Costanzo |
||
| 250 | _a7th Edition. | ||
| 260 |
_aPhiladelphia : _bWolters Kluwer, _c2022. |
||
| 300 |
_a518 p. ; _bill, _c24 cm. |
||
| 563 | _aPBK. | ||
| 942 |
_2ddc _cBK |
||
| 999 |
_c595578 _d595578 |
||